[Event "San Francisco schev"]
[Site "San Francisco"]
[Date "2002.??.??"]
[Round "?"]
[White "Grey, Peter G"]
[Black "Haun, Benjamin S"]
[Result "0-1"]
[WhiteElo "2022"]
[BlackElo "2200"]
[PlyCount "102"]
[EventDate "2002.06.23"]
[EventType "schev"]
[EventRounds "10"]
[EventCountry "USA"]
[SourceTitle "EXT 2007"]
[Source "ChessBase"]
[SourceDate "2006.11.23"]
[SourceVersion "1"]
[SourceVersionDate "2006.11.23"]
[SourceQuality "1"]

1. e4 e5 2. Nf3 Nc6 3. Bb5 a6 4. Ba4 Nf6 5. 0-0 Be7 6. Re1 b5 7. Bb3 0-0 8. a4 Bb7 9. d3 d6 10. Nbd2 Qd7 11. c3 Nh5 12. Nf1 Nf4 13. d4 Rad8 14. axb5 axb5 15. Ne3 g6 16. Nd5 g5 17. Nxf4 exf4 18. e5 dxe5 19. Nxe5 Nxe5 20. Rxe5 c5 21. Qh5 cxd4 22. Rxg5+ Kh8 23. Bxf4 Bxg5 24. Bxg5 Qf5 25. Qh4 Rd6 26. Bf4 Rg6 27. Bg3 dxc3 28. Qd4+ Kg8 29. bxc3 Re8 30. f3 Bc8 31. Rd1 Be6 32. Re1 Rc8 33. Bxe6 Rxe6 34. Rxe6 Qxe6 35. Bh4 Ra8 36. h3 h6 37. Bf6 Qf5 38. Qg4+ Qxg4 39. hxg4 Ra2 40. Kh2 Kh7 41. Kg3 Kg6 42. Bd4 Rd2 43. Bc5 Kf6 44. Be3 Rd3 45. Kf4 Ke6 46. Ke4 Rxc3 47. Bxh6 Rc4+ 48. Kd3 Kd5 49. Bg7 b4 50. Bf6 b3 51. g3 Rc2 0-1

[Event "San Francisco schev"]
[Site "San Francisco"]
[Date "2002.??.??"]
[Round "?"]
[White "Haun, Benjamin S"]
[Black "Wong, Russell"]
[Result "1-0"]
[WhiteElo "2000"]
[BlackElo "2120"]
[PlyCount "65"]
[EventDate "2002.06.23"]
[EventType "schev"]
[EventRounds "10"]
[EventCountry "USA"]
[SourceTitle "EXT 2007"]
[Source "ChessBase"]
[SourceDate "2006.11.23"]
[SourceVersion "1"]
[SourceVersionDate "2006.11.23"]
[SourceQuality "1"]

1. e4 Nf6 2. e5 Nd5 3. Nc3 Nxc3 4. bxc3 d5 5. d4 e6 6. f4 c5 7. Nf3 Nc6 8. Be3 cxd4 9. cxd4 Qa5+ 10. Bd2 Qc7 11. Rb1 Bd7 12. Bd3 Na5 13. 0-0 Nc4 14. Qe2 Nxd2 15. Qxd2 Be7 16. Kh1 g6 17. h3 a6 18. g3 b5 19. Qg2 b4 20. g4 h5 21. gxh5 gxh5 22. Qg7 Rf8 23. Ng5 Bb5 24. Nh7 Qc3 25. Nxf8 Bxf8 26. Qg3 Qxd4 27. f5 Rc8 28. fxe6 fxe6 29. Rxf8+ Kxf8 30. Rf1+ Ke7 31. Qg7+ Kd8 32. Rf8+ Be8 33. Qf7 1-0

[Event "San Francisco schev"]
[Site "San Francisco"]
[Date "2002.??.??"]
[Round "?"]
[White "Setzepfandt, Alexander"]
[Black "Haun, Benjamin S"]
[Result "1-0"]
[WhiteElo "2000"]
[BlackElo "2000"]
[PlyCount "93"]
[EventDate "2002.06.23"]
[EventType "schev"]
[EventRounds "10"]
[EventCountry "USA"]
[SourceTitle "EXT 2007"]
[Source "ChessBase"]
[SourceDate "2006.11.23"]
[SourceVersion "1"]
[SourceVersionDate "2006.11.23"]
[SourceQuality "1"]

1. e4 e5 2. Nf3 Nc6 3. Bb5 a6 4. Ba4 Nf6 5. 0-0 Be7 6. Re1 b5 7. Bb3 0-0 8. c3 d6 9. h3 Nb8 10. d4 Nbd7 11. Nbd2 Bb7 12. Bc2 Re8 13. Nf1 Bf8 14. Ng3 g6 15. Bg5 h6 16. Bc1 Bg7 17. Nh2 Nf8 18. dxe5 dxe5 19. Qe2 Ne6 20. f3 Nf4 21. Qf2 Qe7 22. Be3 Rad8 23. Red1 Nh7 24. Ne2 g5 25. Bc5 Qe6 26. Ng3 Bf8 27. Be3 Bc8 28. Nhf1 Qc4 29. Bb3 Qc6 30. Ne2 Nd3 31. Qg3 Nxb2 32. Rxd8 Rxd8 33. Qxe5 Nc4 34. Qg3 Nxe3 35. Nxe3 Bc5 36. Nd4 Qb6 37. Kh1 c6 38. Nec2 b4 39. Rb1 Kf8 40. Ba4 Bd6 41. Qf2 Bb7 42. Ne6+ fxe6 43. Qxb6 Rd7 44. Nxb4 Ke7 45. Nxc6+ Bxc6 46. Qxc6 Rc7 47. Rb7 1-0